UBT Library

GIANT MOLECULES (Record no. 60694)

000 -LEADER
fixed length control field 00340nam a22001457a 4500
008 - FIXED-LENGTH DATA ELEMENTS--GENERAL INFORMATION
fixed length control field 250423b ||||| |||| 00| 0 eng d
020 ## - INTERNATIONAL STANDARD BOOK NUMBER
International Standard Book Number 608628413099
041 ## - LANGUAGE CODE
Language code of text/sound track or separate title eng
080 ## - UNIVERSAL DECIMAL CLASSIFICATION NUMBER
Edition identifier 1997
Universal Decimal Classification number 547GRO
082 ## - DEWEY DECIMAL CLASSIFICATION NUMBER
Edition number 547GRO
Classification number 547GRO
100 ## - Rafti
Rafti 15
101 ## - Shkurtesa
Shkurtesa BIOKIMI
245 ## - TITLE STATEMENT
Title GIANT MOLECULES
Statement of responsibility, etc ALEXANDER YU .GROSBERG
942 ## - ADDED ENTRY ELEMENTS (KOHA)
Source of classification or shelving scheme
Item type Books
Holdings
Withdrawn status Lost status Source of classification or shelving scheme Damaged status Not for loan Collection code Permanent location Current location Date acquired Total Checkouts Full call number Barcode Date last seen Price effective from Koha item type
          Koleksioni i përgjithshem UBT - Lipjan UBT - Lipjan 04/23/2025   547GRO 002-800070999586 04/23/2025 04/23/2025 Books
UBT Library © 2015-2024. All rights reserved University Education for Business and Technology